000 00846nam a2200217Ia 4500
003 IN-BaIIA
008 211028s9999 xx 000 0 eng d
020 _a90-277-0753-7
040 _cIIA Library
080 _a52-77
_bTHE
111 _aNATO Advanced Study institute
_cUrbino,Italy
_d1975 June 29-July 13
_912105
245 4 _aThe Physics of non-thermal radio sources
_bproceedings of the NATO Advanced Study Institute held in Urbino,Italy, June 29-July 13 1975
_cedited by Giancarlo Setti
260 _aDordrecht-Holland
_bD. Reidel Publishing
_c1976
300 _aviii, 287p.
650 _aAstronomy and Astrophysics thesaurus
650 _aExtragalactic radio sources
_93899
650 _aRadio sources
_93666
650 _aRadio Stars
_911327
700 _aSetti, Giancarlo., ed.
_98980
942 _cBK
999 _c7071
_d7071